000
00313nam a22001457a 4500
020
_a
1-8442-2658-1
082
_a
823
_b
POW/V
100
_a
POWELL, JILLIAN
245
_a
VIKINGS
260
_a
LONDON
_b
LADYBIRD
300
_a
31
520
_a
ENGLISH SHORT STORY
650
_a
ENGLISH SHORT STORY
_z
UK
942
_c
BK
999
_c
4971
_d
4971